000 00726nam a2200229 a 4500
001 BRCA_7359
005 20190320205816.0
008 280213s1944----mx-a######---#000-0#spa-#
041 _aspa
044 _amx
050 4 _aF1386
_b.T53 1944
245 1 0 _aTlatelolco a través de los tiempos
_cnota preliminar por Pablo Martínez del Río.
260 _aMéxico
_bImp. Aldina
_c1944
300 _a1 v. (sin paginación)
_bil., 9 láminas
440 0 _aMemorias de la Academia Mexicana de la Historia
_vt.III, no.2, 1944
_918186
500 _aQ42
610 2 4 _aTlatelolco, México (Ciudad)
_918187
651 4 _aMéxico
_xAntigüedades
_92765
700 1 _aMartínez del Río, Pablo
_918188
902 _aGFM
942 _2lcc
_cB
999 _c7035
_d7035